| 000 | 00410nam a2200169Ia 4500 | ||
|---|---|---|---|
| 008 | 231221s9999 xx 000 0 und d | ||
| 041 | _aEnglish | ||
| 082 | _a001.6424C KAN1; | ||
| 100 | _aKanetkar, Yashavant P. Saoji, Sudesh | ||
| 245 | 0 | _aVC++, Com and beyond | |
| 250 | _a1st ed. | ||
| 260 |
_c2000 _bBPB _aNew Delhi |
||
| 300 | _axiv+842 | ||
| 300 | _cSE1463 | ||
| 650 | _aVC++,,Com | ||
| 942 | _cCD | ||
| 999 |
_c203138 _d203138 |
||